000 00733nam a2200277 i 4500
001 C2-0156578
003 PPAK
005 20180727132538.0
008 980422s1992 my a|||| ||||| | eng d
020 _a9839024590
040 _aPPAK
_beng
_cPPAK
_erda
082 0 4 _a612
_223
090 0 0 _a612
_bMAT
_dR
090 0 0 _a612
_bMAT
_dRK
100 1 _aMathers, Douglas,
_eauthor
245 1 0 _aEars
264 1 _aCheras :
_bBHS Book Printing Sdn. Bhd. ,
_c1992
300 _a32 pages :
_bcolour illustrations ;
_c24 cm
336 _2rdacontent
_atext
337 _2rdamedia
_aunmediated
338 _2rdacarrier
_avolume
490 1 _aYou And Your Body
650 1 0 _aBody, Human
830 0 _aYou And Your Body
942 _ddc
_cB
999 _c48180
_d48180